[Event "46th POL-ch"]
[Site "Slupsk POL"]
[Date "1989.??.??"]
[Round "1"]
[White "Adamski, Jan"]
[Black "Stempin, Pawel"]
[Result "1/2-1/2"]
[WhiteElo "2435"]
[BlackElo "2395"]
[EventDate "1989.02.25"]
[PlyCount "31"]

1.d4 Nf6 2.c4 e6 3.g3 d5 4.Bg2 dxc4 5.Qa4+ Nbd7 6.Nd2 c6 7.Qxc4 e5 8.Ngf3 
Bd6 9.O-O O-O 10.Qc2 exd4 11.Nxd4 Ne5 12.Nf5 Bxf5 13.Qxf5 Re8 14.Nb3 Qe7 
15.Qc2 Bc7 16.Bg5 1/2-1/2

[Event "46th POL-ch"]
[Site "Slupsk POL"]
[Date "1989.??.??"]
[Round "1"]
[White "Hawelko, Marek"]
[Black "Sapis, Witalis"]
[Result "1/2-1/2"]
[WhiteElo "2455"]
[BlackElo "2395"]
[EventDate "1989.02.25"]
[PlyCount "65"]

1.e4 c6 2.d4 d5 3.Nd2 dxe4 4.Nxe4 Nd7 5.Bc4 Ngf6 6.Ng5 e6 7.Qe2 Nb6 8.Bd3 
h6 9.N5f3 c5 10.dxc5 Nbd7 11.Bd2 Nxc5 12.Bb5+ Bd7 13.Ne5 Bxb5 14.Qxb5+ 
Nfd7 15.Ngf3 a6 16.Qe2 Nxe5 17.Nxe5 Qd5 18.O-O Qe4 19.Rfe1 Qxe2 20.Rxe2 
Be7 21.Ba5 Bf6 22.Rd1 O-O 23.b3 Rfc8 24.Bb6 a5 25.a4 Ra6 26.Bxc5 Rxc5 27.
Nd7 Rc3 28.Nxf6+ gxf6 29.Kf1 Rac6 30.Rd7 b6 31.Rb7 f5 32.Ke1 f4 33.Rd2 
1/2-1/2

[Event "46th POL-ch"]
[Site "Slupsk POL"]
[Date "1989.??.??"]
[Round "1"]
[White "Schmidt, Wlodzimierz"]
[Black "Kuczynski, Robert"]
[Result "0-1"]
[WhiteElo "2460"]
[BlackElo "2450"]
[EventDate "1989.02.25"]
[PlyCount "76"]

1.Nf3 f5 2.d4 Nf6 3.g3 g6 4.c4 Bg7 5.b3 O-O 6.Bb2 d6 7.Bg2 c6 8.Nc3 Na6 9.
O-O Nc7 10.Qc2 Rb8 11.e4 fxe4 12.Nxe4 Bf5 13.Nh4 Nxe4 14.Bxe4 Bxe4 15.Qxe4
d5 16.Qe2 dxc4 17.bxc4 b5 18.Rac1 bxc4 19.Qxc4+ Qd5 20.Ba1 Rb6 21.Rfe1 
Qxc4 22.Rxc4 Nd5 23.Kg2 Ra6 24.a4 Nb6 25.Rxc6 Rxa4 26.Nf3 Ra2 27.Rce6 Nd5 
28.R6e2 Rxe2 29.Rxe2 Rc8 30.Ra2 Rc7 31.Ng5 Nb4 32.Ra4 Nd3 33.Ne6 Rc2 34.
Kf3 Bh6 35.d5 Rxf2+ 36.Ke4 Ne1 37.Rxa7 Re2+ 38.Kd4 Be3+ 0-1

[Event "46th POL-ch"]
[Site "Slupsk POL"]
[Date "1989.??.??"]
[Round "1"]
[White "Siekanski, Janusz"]
[Black "Cichocki, Adam"]
[Result "1-0"]
[WhiteElo "2340"]
[BlackElo "2320"]
[EventDate "1989.02.25"]
[PlyCount "107"]

1.d4 d5 2.c4 c6 3.Nf3 Nf6 4.Nc3 dxc4 5.a4 Bf5 6.e3 e6 7.a5 Na6 8.Bxc4 Nb4 
9.O-O Be7 10.Ne5 O-O 11.Qe2 c5 12.e4 Bg6 13.Nxg6 hxg6 14.dxc5 Qc7 15.Bg5 
Bxc5 16.e5 Nd7 17.Rfd1 Nc6 18.Nb5 Qxe5 19.Rxd7 Qxg5 20.Rxb7 Rad8 21.Nc3 
Rd2 22.Ne4 Rxe2 23.Nxg5 Rxf2 24.Ne4 Rc2+ 25.Nxc5 Rxc4 26.Nd7 Rd8 27.a6 Rd4
28.Rc1 R8xd7 29.Rxc6 g5 30.Rxd7 Rxd7 31.Rc8+ Kh7 32.b4 Rd6 33.b5 Kg6 34.
Rb8 Rd1+ 35.Kf2 Ra1 36.Rb7 Rb1 37.Ke3 f5 38.Kd4 f4 39.Kc5 g4 40.Rb8 Rc1+ 
41.Kd6 Kf7 42.Rb7+ Kf6 43.Rb8 Rd1+ 44.Kc6 Ke7 45.Rb7+ Kf6 46.Rb8 Ke7 47.b6
Rc1+ 48.Kb5 f3 49.gxf3 gxf3 50.bxa7 f2 51.Rf8 Rc8 52.Rxf2 Kd7 53.Rd2+ Ke7 
54.Kb6 1-0

[Event "46th POL-ch"]
[Site "Slupsk POL"]
[Date "1989.??.??"]
[Round "1"]
[White "Sznapik, Aleksander"]
[Black "Matlak, Marek"]
[Result "1-0"]
[WhiteElo "2455"]
[BlackElo "2420"]
[EventDate "1989.02.25"]
[PlyCount "47"]

1.e4 e6 2.d4 d5 3.Nc3 dxe4 4.Nxe4 Bd7 5.Nf3 Bc6 6.Bd3 Nd7 7.Qe2 Ngf6 8.Ng3
Be7 9.Bd2 O-O 10.Ne5 Nxe5 11.dxe5 Nd7 12.O-O-O Nc5 13.Bc3 Bg5+ 14.Kb1 Nxd3
15.Rxd3 Qe7 16.Qg4 Bb5 17.Rf3 Bh6 18.Ne4 Kh8 19.Rh3 Rg8 20.f4 Rad8 21.Qf3 
Qd7 22.g4 Bc6 23.b3 Qd5 24.Re1 1-0

[Event "46th POL-ch"]
[Site "Slupsk POL"]
[Date "1989.??.??"]
[Round "1"]
[White "Szymczak, Zbigniew"]
[Black "Borkowski, Franciszek"]
[Result "1-0"]
[WhiteElo "2400"]
[BlackElo "2420"]
[EventDate "1989.02.25"]
[PlyCount "80"]

1.d4 Nf6 2.c4 g6 3.Nc3 Bg7 4.Nf3 O-O 5.Bg5 h6 6.Bh4 c5 7.e3 Nc6 8.d5 Na5 
9.Be2 d6 10.Nd2 e5 11.g4 a6 12.a4 Bd7 13.Nde4 Rb8 14.Nxd6 Qb6 15.Bxf6 Bxf6
16.Nde4 Bg7 17.Qc2 f5 18.gxf5 gxf5 19.Ng3 Qb4 20.Nh5 Nxc4 21.Rg1 Rf7 22.
O-O-O Na5 23.Rxg7+ Rxg7 24.Nf6+ Kh8 25.Nxd7 Rxd7 26.Qxf5 Rg7 27.Qxe5 Rg8 
28.Qf6 c4 29.d6 Nc6 30.Qxh6+ Rh7 31.Qf6+ Rhg7 32.Rd5 Rd8 33.Rh5+ Kg8 34.
Qe6+ Rf7 35.Bxc4 Qxc4 36.Qxc4 Rxd6 37.Rf5 Rd7 38.Rxf7 Rxf7 39.Ne4 Kg7 40.
Qc3+ Kg6 1-0

[Event "46th POL-ch"]
[Site "Slupsk POL"]
[Date "1989.??.??"]
[Round "1"]
[White "Zolnierowicz, Krzysztof"]
[Black "Jasnikowski, Zbigniew"]
[Result "0-1"]
[WhiteElo "2405"]
[BlackElo "2430"]
[EventDate "1989.02.25"]
[PlyCount "60"]

1.e4 c5 2.Nf3 e6 3.d4 cxd4 4.Nxd4 Nf6 5.Nc3 d6 6.Be2 Nc6 7.O-O Be7 8.Kh1 
O-O 9.f4 Bd7 10.Nb3 a6 11.a4 b6 12.Be3 Bc8 13.Bf3 Bb7 14.Qe1 Nd7 15.Rd1 
Qc7 16.g4 Nc5 17.Qg3 Bf6 18.g5 Bxc3 19.Nxc5 bxc5 20.bxc3 f5 21.e5 dxe5 22.
fxe5 Nxe5 23.Bf4 Nxf3 24.Bxc7 Nd4+ 25.Qg2 Bxg2+ 26.Kxg2 Nxc2 27.Kf2 f4 28.
Rd7 Ne3 29.Rb1 Ra7 30.Rb6 Ng4+ 0-1

[Event "46th POL-ch"]
[Site "Slupsk POL"]
[Date "1989.??.??"]
[Round "2"]
[White "Cichocki, Adam"]
[Black "Sznapik, Aleksander"]
[Result "0-1"]
[WhiteElo "2320"]
[BlackElo "2455"]
[EventDate "1989.02.25"]
[PlyCount "102"]

1.d4 Nf6 2.Nf3 g6 3.g3 Bg7 4.Bg2 O-O 5.O-O d6 6.Nc3 c6 7.e4 Nbd7 8.Re1 e5 
9.dxe5 dxe5 10.b4 Qe7 11.a3 Rd8 12.Qe2 Nf8 13.Bb2 Bg4 14.Nd1 N6d7 15.Ne3 
Bxf3 16.Qxf3 Ne6 17.c3 Nb6 18.Rad1 a5 19.Rxd8+ Qxd8 20.Rd1 Qe8 21.Ng4 Qe7 
22.Qd3 axb4 23.axb4 h5 24.Ne3 Ra2 25.Qb1 Ra8 26.Bc1 Nc7 27.Qb3 Qe6 28.c4 
Nb5 29.Nd5 Nd4 30.Rxd4 exd4 31.Nc7 Qc8 32.Nxa8 Qxa8 33.c5 Qa1 34.cxb6 
Qxc1+ 35.Bf1 Qe1 36.f3 Bh6 37.Kg2 Be3 38.Bc4 Qf2+ 39.Kh3 Qxf3 40.b5 Qg4+ 
41.Kg2 Qxe4+ 42.Kh3 Qf5+ 43.Kg2 Qf2+ 44.Kh3 c5 45.Qd1 Kg7 46.Qf1 Qxf1+ 47.
Bxf1 Bg5 48.Bg2 Bd8 49.Bxb7 Bxb6 50.Kg2 d3 51.Kf3 c4 0-1

[Event "46th POL-ch"]
[Site "Slupsk POL"]
[Date "1989.??.??"]
[Round "2"]
[White "Jasnikowski, Zbigniew"]
[Black "Matlak, Marek"]
[Result "1/2-1/2"]
[WhiteElo "2430"]
[BlackElo "2420"]
[EventDate "1989.02.25"]
[PlyCount "29"]

1.d4 e6 2.c4 d5 3.Nc3 Nf6 4.Bg5 Nbd7 5.e3 Be7 6.Nf3 h6 7.Bh4 O-O 8.Bd3 b6 
9.cxd5 exd5 10.O-O Bb7 11.Qe2 a6 12.Bg3 Ne4 13.Nd2 Nxg3 14.hxg3 Nf6 15.Nf3
1/2-1/2

[Event "46th POL-ch"]
[Site "Slupsk POL"]
[Date "1989.??.??"]
[Round "2"]
[White "Kuczynski, Robert"]
[Black "Siekanski, Janusz"]
[Result "1-0"]
[WhiteElo "2450"]
[BlackElo "2340"]
[EventDate "1989.02.25"]
[PlyCount "53"]

1.e4 c5 2.Nf3 e6 3.d4 cxd4 4.Nxd4 Nf6 5.Nc3 d6 6.Be2 Be7 7.O-O O-O 8.f4 a6
9.Kh1 Qc7 10.a4 Nc6 11.Be3 Re8 12.Bf3 Rb8 13.Qd2 Bd7 14.Qf2 Nxd4 15.Bxd4 
e5 16.Bb6 Qc8 17.Be2 exf4 18.Qxf4 Be6 19.Ba7 Ra8 20.Bd4 Nd7 21.Nd5 Bf8 22.
Bh5 Ne5 23.Nb6 Qxc2 24.Nxa8 Rxa8 25.Bxe5 dxe5 26.Bxf7+ Kh8 27.Qxe5 1-0

[Event "46th POL-ch"]
[Site "Slupsk POL"]
[Date "1989.??.??"]
[Round "2"]
[White "Sapis, Witalis"]
[Black "Schmidt, Wlodzimierz"]
[Result "1/2-1/2"]
[WhiteElo "2395"]
[BlackElo "2460"]
[EventDate "1989.02.25"]
[PlyCount "40"]

1.d4 Nf6 2.Nf3 g6 3.Bf4 Bg7 4.e3 O-O 5.h3 d6 6.Bc4 c5 7.c3 b6 8.a4 Ba6 9.
Bb5 Bb7 10.Nbd2 a6 11.Be2 Nbd7 12.O-O Qc7 13.Bh2 Bc6 14.b4 cxb4 15.cxb4 
Qb7 16.b5 axb5 17.axb5 Rxa1 18.Qxa1 Bd5 19.Rc1 Rc8 20.Ne1 Bh6 1/2-1/2

[Event "46th POL-ch"]
[Site "Slupsk POL"]
[Date "1989.??.??"]
[Round "2"]
[White "Stempin, Pawel"]
[Black "Hawelko, Marek"]
[Result "1/2-1/2"]
[WhiteElo "2395"]
[BlackElo "2455"]
[EventDate "1989.02.25"]
[PlyCount "80"]

1.d4 Nf6 2.Nf3 e6 3.c4 b6 4.g3 Ba6 5.Nbd2 Bb7 6.Bg2 c5 7.e4 cxd4 8.e5 Ne4 
9.Nxe4 Bxe4 10.Qxd4 Bb4+ 11.Ke2 Bg6 12.b3 Nc6 13.Qe3 Bc5 14.Qf4 Nb4 15.Ne1
Rc8 16.Bb2 O-O 17.a3 Nc6 18.h4 h6 19.h5 Bf5 20.Nf3 Be7 21.g4 Bh7 22.Qe3 b5
23.c5 b4 24.a4 f6 25.exf6 Bxf6 26.Bxf6 Qxf6 27.Rad1 e5 28.Rd6 Qf4 29.Qxf4 
Rxf4 30.Rxd7 Rcf8 31.Nh4 Rxf2+ 32.Ke1 Nd4 33.Bd5+ Kh8 34.Ng6+ Bxg6 35.hxg6
Nc2+ 36.Kd1 Ne3+ 37.Ke1 Nc2+ 38.Kd1 Ne3+ 39.Ke1 Nc2+ 40.Kd1 Ne3+ 1/2-1/2

[Event "46th POL-ch"]
[Site "Slupsk POL"]
[Date "1989.??.??"]
[Round "2"]
[White "Woda, Jacek"]
[Black "Adamski, Jan"]
[Result "1-0"]
[WhiteElo "2335"]
[BlackElo "2435"]
[EventDate "1989.02.25"]
[PlyCount "83"]

1.e4 c5 2.Nf3 e6 3.d4 cxd4 4.Nxd4 a6 5.Bd3 Nf6 6.O-O d6 7.c4 Bd7 8.Nc3 Nc6
9.Be3 Be7 10.f4 Nxd4 11.Bxd4 O-O 12.Kh1 Bc6 13.e5 Nd7 14.Ne4 dxe5 15.fxe5 
Bxe4 16.Bxe4 Qc7 17.Qe2 Rad8 18.Bc3 g6 19.Bc2 Bg5 20.Rf3 Bh6 21.Re1 a5 22.
h4 Nb8 23.h5 Nc6 24.Rh3 Bg7 25.hxg6 fxg6 26.Qg4 Qf7 27.Qh4 Bh8 28.Bxg6 
Qxg6 29.Rg3 Rf5 30.Rxg6+ hxg6 31.g4 Rf7 32.Qg5 Bg7 33.Qxg6 Nd4 34.Bxd4 
Rxd4 35.Qxe6 Rd2 36.Rf1 Rd7 37.Qe8+ Bf8 38.Rxf7 Rxf7 39.Qe6 Kg7 40.g5 Bc5 
41.Qh6+ Kg8 42.g6 1-0

[Event "46th POL-ch"]
[Site "Slupsk POL"]
[Date "1989.??.??"]
[Round "2"]
[White "Zolnierowicz, Krzysztof"]
[Black "Szymczak, Zbigniew"]
[Result "1/2-1/2"]
[WhiteElo "2405"]
[BlackElo "2400"]
[EventDate "1989.02.25"]
[PlyCount "42"]

1.Nf3 Nf6 2.c4 c5 3.g3 d5 4.cxd5 Nxd5 5.Bg2 Nc6 6.d4 Nb6 7.dxc5 Qxd1+ 8.
Kxd1 Na4 9.Nc3 Nxc3+ 10.bxc3 e5 11.Be3 Bf5 12.Nd2 O-O-O 13.Kc1 f6 14.Rd1 
Be7 15.Bxc6 bxc6 16.Nc4 Rxd1+ 17.Kxd1 Rd8+ 18.Ke1 Kc7 19.Nd6 Be6 20.Rb1 
Bxd6 21.cxd6+ Kxd6 1/2-1/2

[Event "46th POL-ch"]
[Site "Slupsk POL"]
[Date "1989.??.??"]
[Round "3"]
[White "Adamski, Jan"]
[Black "Borkowski, Franciszek"]
[Result "1/2-1/2"]
[WhiteElo "2435"]
[BlackElo "2420"]
[EventDate "1989.02.25"]
[PlyCount "83"]

1.c4 e5 2.Nc3 d6 3.Nf3 f5 4.d4 e4 5.Bg5 Qd7 6.Ng1 h6 7.Bd2 Nf6 8.h4 Qf7 9.
e3 c5 10.dxc5 dxc5 11.Nh3 Nc6 12.Nf4 Bd6 13.Ncd5 Nxd5 14.cxd5 Ne7 15.Bb5+ 
Kf8 16.Bc4 Bxf4 17.exf4 Nxd5 18.Bxd5 Qxd5 19.Be3 Be6 20.Qxd5 Bxd5 21.Bxc5+
Kf7 22.Kd2 Rad8 23.Ke3 b6 24.Bd4 Rd7 25.Rhd1 Rc8 26.Bc3 h5 27.Rd4 Ke6 28.
Rad1 g6 29.R4d2 a5 30.Be5 b5 31.a3 b4 32.axb4 axb4 33.Ra1 Rc6 34.Bh8 b3 
35.Bc3 Rdc7 36.Be5 Rc1 37.Ra6+ R7c6 38.Rxc6+ Rxc6 39.Bc3 Bc4 40.Rd8 Bd3 
41.Rb8 Bc2 42.Bd4 1/2-1/2

[Event "46th POL-ch"]
[Site "Slupsk POL"]
[Date "1989.??.??"]
[Round "3"]
[White "Hawelko, Marek"]
[Black "Woda, Jacek"]
[Result "1-0"]
[WhiteElo "2455"]
[BlackElo "2335"]
[EventDate "1989.02.25"]
[PlyCount "59"]

1.Nf3 Nf6 2.c4 g6 3.g3 Bg7 4.Bg2 O-O 5.O-O d6 6.Nc3 Nc6 7.d4 a6 8.d5 Na5 
9.Nd2 c5 10.Rb1 Rb8 11.b3 b5 12.Bb2 e6 13.dxe6 Bxe6 14.cxb5 axb5 15.Nde4 
Rb6 16.Nxf6+ Bxf6 17.Ne4 Bxb2 18.Rxb2 b4 19.Rd2 Nb7 20.f4 h6 21.Nf2 Na5 
22.e4 c4 23.f5 c3 24.Rd4 Bc8 25.Rd5 Nb7 26.Ng4 h5 27.Qc1 hxg4 28.f6 Kh7 
29.Rh5+ gxh5 30.Qg5 1-0

[Event "46th POL-ch"]
[Site "Slupsk POL"]
[Date "1989.??.??"]
[Round "3"]
[White "Matlak, Marek"]
[Black "Cichocki, Adam"]
[Result "0-1"]
[WhiteElo "2420"]
[BlackElo "2320"]
[EventDate "1989.02.25"]
[PlyCount "130"]

1.d4 Nf6 2.Nf3 c5 3.d5 e6 4.c4 exd5 5.cxd5 d6 6.Nc3 g6 7.Nd2 Bg7 8.e4 O-O 
9.Be2 Na6 10.O-O Nc7 11.a4 Rb8 12.Nc4 a6 13.a5 Nb5 14.Bd3 Re8 15.Bg5 h6 
16.Bh4 Qc7 17.Re1 Nh5 18.Rc1 Bd7 19.Na4 Nf4 20.Bb1 Nd4 21.Nab6 Bb5 22.Bg3 
g5 23.h4 Qe7 24.Re3 Qf6 25.hxg5 hxg5 26.Qg4 Rbd8 27.Rce1 Qh6 28.Bh2 Re7 
29.Kh1 Kf8 30.g3 Ng6 31.f4 gxf4 32.gxf4 Qh4 33.Qxh4 Nxh4 34.Bg3 Ng6 35.Kg2
Bf6 36.e5 dxe5 37.fxe5 Bg5 38.d6 Ree8 39.Rc3 Ne6 40.Kf2 Ngf4 41.Rh1 Kg7 
42.Rh7+ Kg8 43.Rf3 Ng6 44.Rh2 Bc6 45.Rc3 Nef4 46.Bf5 Nxe5 47.Bh4 Bxh4+ 48.
Rxh4 Neg6 49.Bxg6 Nxg6 50.Rh5 Kg7 51.Rch3 Nf4 52.Rg3+ Kf6 53.Rh6+ Ng6 54.
Rh5 Re4 55.Rf3+ Nf4 56.Ne3 Kg6 57.Rh1 Rxd6 58.Nbc4 Rdd4 59.Rg3+ Kf6 60.b3 
Nd3+ 61.Kg1 Ke6 62.Rh5 Nc1 63.Rg7 Nxb3 64.Rh6+ f6 65.Rhh7 Rxc4 0-1

[Event "46th POL-ch"]
[Site "Slupsk POL"]
[Date "1989.??.??"]
[Round "3"]
[White "Schmidt, Wlodzimierz"]
[Black "Stempin, Pawel"]
[Result "1/2-1/2"]
[WhiteElo "2460"]
[BlackElo "2395"]
[EventDate "1989.02.25"]
[PlyCount "50"]

1.Nf3 Nf6 2.c4 e6 3.Nc3 d5 4.d4 Nbd7 5.Bg5 h6 6.Bh4 Be7 7.e3 O-O 8.Rc1 Re8
9.Bd3 dxc4 10.Bxc4 a6 11.a4 c5 12.O-O cxd4 13.exd4 Nb6 14.Bb3 Bd7 15.Ne5 
Bc6 16.a5 Nbd5 17.Nxd5 Nxd5 18.Bxe7 Nxe7 19.Rc5 Qd6 20.Re1 Bd5 21.Bxd5 
Nxd5 22.Qf3 Re7 23.Rec1 Rd8 24.Rc8 f6 25.Nd3 Qd7 1/2-1/2

[Event "46th POL-ch"]
[Site "Slupsk POL"]
[Date "1989.??.??"]
[Round "3"]
[White "Siekanski, Janusz"]
[Black "Sapis, Witalis"]
[Result "1/2-1/2"]
[WhiteElo "2340"]
[BlackElo "2395"]
[EventDate "1989.02.25"]
[PlyCount "51"]

1.d4 c6 2.c4 d5 3.Nf3 Nf6 4.Nc3 dxc4 5.a4 Bg4 6.Ne5 Bh5 7.g3 e6 8.Bg2 Bb4 
9.O-O O-O 10.Bg5 Nbd7 11.Qc2 Be7 12.Nxc4 Nb6 13.Nxb6 Qxb6 14.Rfd1 Bg6 15.
e4 a5 16.Qe2 h6 17.Be3 Bh5 18.f3 Rfe8 19.Kh1 Qc7 20.g4 Bg6 21.f4 Bb4 22.e5
Nd5 23.Nxd5 cxd5 24.Rac1 Qd7 25.Qf2 Rac8 26.Rf1 1/2-1/2

[Event "46th POL-ch"]
[Site "Slupsk POL"]
[Date "1989.??.??"]
[Round "3"]
[White "Sznapik, Aleksander"]
[Black "Kuczynski, Robert"]
[Result "1/2-1/2"]
[WhiteElo "2455"]
[BlackElo "2450"]
[EventDate "1989.02.25"]
[PlyCount "42"]

1.e4 c5 2.Nf3 d6 3.d4 cxd4 4.Nxd4 Nf6 5.Nc3 a6 6.Be2 g6 7.O-O Bg7 8.f4 
Nbd7 9.Bf3 O-O 10.Be3 e5 11.Nde2 exf4 12.Nxf4 Ne5 13.Nfd5 Nxd5 14.Nxd5 Be6
15.Be2 Rc8 16.c3 Nc4 17.Bxc4 Rxc4 18.Qd3 Bxd5 19.Qxd5 Qc7 20.Rad1 Re8 21.
Bf4 Bf8 1/2-1/2

[Event "46th POL-ch"]
[Site "Slupsk POL"]
[Date "1989.??.??"]
[Round "3"]
[White "Szymczak, Zbigniew"]
[Black "Jasnikowski, Zbigniew"]
[Result "1/2-1/2"]
[WhiteElo "2400"]
[BlackElo "2430"]
[EventDate "1989.02.25"]
[PlyCount "45"]

1.d4 Nf6 2.c4 c5 3.d5 d6 4.Nc3 g6 5.e4 Bg7 6.f4 O-O 7.Nf3 e6 8.Be2 exd5 9.
cxd5 b5 10.Bxb5 Nxe4 11.Nxe4 Qa5+ 12.Kf2 Qxb5 13.Nxd6 Qb6 14.Nc4 Qa6 15.
Qe2 Bb7 16.Rd1 Nd7 17.Nce5 Nxe5 18.fxe5 Qxe2+ 19.Kxe2 Rfd8 20.Be3 c4 21.d6
Bxf3+ 22.Kxf3 Bxe5 23.Rac1 1/2-1/2

[Event "46th POL-ch"]
[Site "Slupsk POL"]
[Date "1989.??.??"]
[Round "4"]
[White "Borkowski, Franciszek"]
[Black "Hawelko, Marek"]
[Result "1-0"]
[WhiteElo "2420"]
[BlackElo "2455"]
[EventDate "1989.02.25"]
[PlyCount "71"]

1.e4 e5 2.Nf3 Nc6 3.Bb5 a6 4.Ba4 Nf6 5.O-O Be7 6.Re1 b5 7.Bb3 d6 8.c3 O-O 
9.d4 Bg4 10.d5 Na5 11.Bc2 c6 12.h3 Bxf3 13.Qxf3 cxd5 14.exd5 Nc4 15.Nd2 
Nb6 16.Nf1 g6 17.Bh6 Re8 18.Ng3 Kh8 19.a4 bxa4 20.Bxa4 Nxa4 21.Rxa4 Qd7 
22.Rea1 Qb7 23.c4 Qxb2 24.Rxa6 Rxa6 25.Rxa6 Qd4 26.Bg5 e4 27.Qf4 Kg8 28.
Rc6 Rb8 29.Kh2 h5 30.Nxe4 Qxe4 31.Qxe4 Nxe4 32.Bxe7 Rb4 33.f3 Nd2 34.c5 h4
35.cxd6 Rb1 36.d7 1-0

[Event "46th POL-ch"]
[Site "Slupsk POL"]
[Date "1989.??.??"]
[Round "4"]
[White "Jasnikowski, Zbigniew"]
[Black "Cichocki, Adam"]
[Result "1/2-1/2"]
[WhiteElo "2430"]
[BlackElo "2320"]
[EventDate "1989.02.25"]
[PlyCount "113"]

1.d4 d5 2.c4 c6 3.Nf3 Nf6 4.Nc3 e6 5.Bg5 dxc4 6.e4 b5 7.e5 h6 8.Bh4 g5 9.
Nxg5 hxg5 10.Bxg5 Nbd7 11.exf6 Bb7 12.g3 Qb6 13.Bg2 O-O-O 14.O-O c5 15.d5 
b4 16.Na4 Qb5 17.dxe6 Bxg2 18.Kxg2 Ne5 19.Qe2 Qc6+ 20.f3 Qxe6 21.h4 Qd5 
22.a3 Nd3 23.axb4 cxb4 24.Qe3 Qd4 25.Qxd4 Rxd4 26.Be3 Rd7 27.Bxa7 Rxa7 28.
Nb6+ Kc7 29.Nxc4 Rxa1 30.Rxa1 Bc5 31.Rd1 Rd8 32.Kf1 Rd4 33.b3 Ne5 34.Rxd4 
Bxd4 35.Nd2 Kd7 36.Ke2 Ke6 37.Ne4 Nd7 38.Kd3 Kd5 39.Ng5 Bf2 40.h5 Bxg3 41.
h6 Bh4 42.h7 Ne5+ 43.Kc2 Ng6 44.Nxf7 Bxf6 45.Kd3 Ke6 46.Nh6 Ne5+ 47.Ke4 
Nd7 48.Kd3 Bc3 49.Kc4 Ne5+ 50.Kc5 Nxf3 51.Ng4 Nd2 52.h8=Q Bxh8 53.Kxb4 Bd4
54.Kb5 Bg1 55.b4 Ne4 56.Kc6 Nd6 57.Nf6 1/2-1/2

[Event "46th POL-ch"]
[Site "Slupsk POL"]
[Date "1989.??.??"]
[Round "4"]
[White "Kuczynski, Robert"]
[Black "Matlak, Marek"]
[Result "1/2-1/2"]
[WhiteElo "2450"]
[BlackElo "2420"]
[EventDate "1989.02.25"]
[PlyCount "70"]

1.e4 e6 2.d4 d5 3.Nc3 Bb4 4.e5 c5 5.a3 Bxc3+ 6.bxc3 Ne7 7.h4 Qa5 8.Bd2 
cxd4 9.Qg4 Nf5 10.cxd4 Qa4 11.c3 Nc6 12.Be2 b6 13.h5 Ba6 14.h6 Bxe2 15.
hxg7 Rg8 16.Qxe2 Rxg7 17.Kf1 O-O-O 18.g4 Nfe7 19.f3 Na5 20.Bh6 Rg6 21.Qd3 
Nb3 22.Rd1 Qxa3 23.Ne2 Qa2 24.Nf4 Rgg8 25.Nh5 Rg6 26.Bf4 Ng8 27.Kg1 Kb7 
28.Rh2 Qa6 29.Qb1 Qc4 30.Ra2 a5 31.Be3 Ne7 32.Nf4 Rg7 33.Nh5 Rg6 34.Nf4 
Rg7 35.Nh5 Rg6 1/2-1/2

[Event "46th POL-ch"]
[Site "Slupsk POL"]
[Date "1989.??.??"]
[Round "4"]
[White "Sapis, Witalis"]
[Black "Sznapik, Aleksander"]
[Result "1/2-1/2"]
[WhiteElo "2395"]
[BlackElo "2455"]
[EventDate "1989.02.25"]
[PlyCount "169"]

1.d4 Nf6 2.Nf3 g6 3.Bf4 Bg7 4.e3 O-O 5.h3 d6 6.c3 c5 7.Nbd2 Nc6 8.Bc4 a6 
9.a4 cxd4 10.cxd4 Bf5 11.O-O Rc8 12.Qe2 Nb4 13.Rfc1 d5 14.g4 dxc4 15.gxf5 
Nd3 16.fxg6 hxg6 17.Rxc4 Nxf4 18.exf4 Qd7 19.Rxc8 Rxc8 20.Re1 Rc7 21.Ng5 
Nh5 22.Qe4 Qxd4 23.Qxd4 Bxd4 24.b3 Rc2 25.Ngf3 Bc3 26.Rd1 Nxf4 27.h4 Bxd2 
28.Rxd2 Rc3 29.Rd8+ Kg7 30.Nd2 e5 31.f3 Ne2+ 32.Kf2 Nd4 33.b4 Rd3 34.Nc4 
Rxf3+ 35.Kg2 Rf4 36.Nxe5 Re4 37.Rd7 Re2+ 38.Kh3 Re3+ 39.Kg2 Rxe5 40.Rxd4 
b5 41.axb5 axb5 42.Kf3 Kf6 43.Rd6+ Ke7 44.Rb6 Rf5+ 45.Kg4 Rd5 46.Kf3 Kf8 
47.Kg3 Kg7 48.Kf3 Kh6 49.Rb8 Rd4 50.Rxb5 Rxh4 51.Rb8 Kg5 52.b5 f5 53.b6 
Rh3+ 54.Kg2 Rb3 55.b7 f4 56.Kf2 Kg4 57.Rg8 Rb2+ 58.Kg1 Rxb7 59.Rxg6+ Kf3 
60.Ra6 Rb1+ 61.Kh2 Kf2 62.Ra2+ Kf1 63.Kh3 Rb3+ 64.Kh2 Re3 65.Ra1+ Re1 66.
Ra3 Re2+ 67.Kh1 Re3 68.Ra1+ Kf2 69.Kh2 f3 70.Rb1 Re2 71.Ra1 Rd2 72.Rb1 Rd8
73.Rb2+ Ke3 74.Rb3+ Rd3 75.Rb1 Kf2 76.Ra1 Re3 77.Rb1 Re1 78.Rb2+ Ke3 79.
Rb3+ Kf4 80.Rb4+ Re4 81.Rb8 Re1 82.Rb4+ Ke3 83.Rb3+ Kf2 84.Rb2+ Re2 85.Rb1
1/2-1/2

[Event "46th POL-ch"]
[Site "Slupsk POL"]
[Date "1989.??.??"]
[Round "4"]
[White "Stempin, Pawel"]
[Black "Siekanski, Janusz"]
[Result "1/2-1/2"]
[WhiteElo "2395"]
[BlackElo "2340"]
[EventDate "1989.02.25"]
[PlyCount "122"]

1.d4 Nf6 2.c4 g6 3.Nf3 Bg7 4.g3 d5 5.cxd5 Nxd5 6.Bg2 O-O 7.O-O Nb6 8.Nc3 
Nc6 9.e3 Re8 10.Ne1 e5 11.d5 Na5 12.e4 c6 13.Nc2 cxd5 14.exd5 Nac4 15.b3 
Nd6 16.a4 a5 17.Bb2 Nd7 18.Na3 Nc5 19.Nab5 Nxb5 20.Nxb5 Bf5 21.Ba3 b6 22.
Bxc5 bxc5 23.Rc1 Qb6 24.Re1 Rad8 25.d6 Bf8 26.Qd5 Bxd6 27.Nxd6 Rxd6 28.
Qxc5 e4 29.Bf1 Rc8 30.Qxb6 Rxb6 31.Rxc8+ Bxc8 32.Rxe4 Be6 33.Bc4 Bxc4 34.
Rxc4 Rxb3 35.Rc5 Ra3 36.Rxa5 h5 37.Kf1 Ra2 38.Ke1 Kg7 39.Ra6 Kg8 40.h3 Kg7
41.Kf1 Kg8 42.g4 hxg4 43.hxg4 g5 44.Ra5 Kh7 45.Ke1 Kg6 46.Ra6+ Kg7 47.f3 
Ra3 48.Kf2 Kh7 49.Ke2 Kg7 50.a5 Kg8 51.Kf2 Kg7 52.Ke2 Kg8 53.Ra8+ Kg7 54.
a6 Kh7 55.Kf2 Kg7 56.Ke2 Kh7 57.Kd2 Rxf3 58.Rc8 Ra3 59.Rc6 Ra4 60.Rc7 Rxa6
61.Rxf7+ Kg6 1/2-1/2

[Event "46th POL-ch"]
[Site "Slupsk POL"]
[Date "1989.??.??"]
[Round "4"]
[White "Woda, Jacek"]
[Black "Schmidt, Wlodzimierz"]
[Result "1-0"]
[WhiteElo "2335"]
[BlackElo "2460"]
[EventDate "1989.02.25"]
[PlyCount "107"]

1.e4 e6 2.d4 d5 3.exd5 exd5 4.Bd3 Nc6 5.c3 Bd6 6.Nf3 Nge7 7.O-O Bg4 8.Nbd2
Qd7 9.b4 O-O 10.Qc2 Bf5 11.Re1 Rfe8 12.Nf1 Bxd3 13.Qxd3 Ng6 14.Rxe8+ Rxe8 
15.Qb5 Rb8 16.Kh1 Bf4 17.Bxf4 Nxf4 18.Ne3 a6 19.Qf1 Re8 20.a4 Ne7 21.Ne5 
Qd8 22.g3 Nh5 23.N3g4 f6 24.Nd3 Nc8 25.Ne3 Qd6 26.Nc5 b6 27.Nf5 Qd8 28.
Nxa6 Nd6 29.Nxd6 Qxd6 30.Re1 Rxe1 31.Qxe1 Kf7 32.Qe2 g6 33.c4 c6 34.c5 
bxc5 35.bxc5 Qd7 36.Nb4 Qb7 37.Qd2 Ng7 38.Kg2 Qa8 39.Qf4 Ne6 40.Qd6 Nxd4 
41.Qc7+ Kg8 42.Qd7 h5 43.a5 Qxa5 44.Nxc6 Qxc5 45.Ne7+ Kf8 46.Nxg6+ Kg8 47.
Qe8+ Kg7 48.Nf4 Qd6 49.Nxh5+ Kh6 50.Qh8+ Kg6 51.Qg7+ Kf5 52.Qh7+ Ke5 53.
f4+ Ke6 54.Ng7+ 1-0

[Event "46th POL-ch"]
[Site "Slupsk POL"]
[Date "1989.??.??"]
[Round "4"]
[White "Zolnierowicz, Krzysztof"]
[Black "Adamski, Jan"]
[Result "1/2-1/2"]
[WhiteElo "2405"]
[BlackElo "2435"]
[EventDate "1989.02.25"]
[PlyCount "46"]

1.e4 c5 2.Nf3 e6 3.d4 cxd4 4.Nxd4 a6 5.Bd3 Nf6 6.O-O d6 7.c4 b6 8.Nc3 Bb7 
9.Qe2 Be7 10.f4 O-O 11.Kh1 Nc6 12.Nxc6 Bxc6 13.e5 Nd7 14.exd6 Bxd6 15.
Bxh7+ Kxh7 16.Qd3+ Kg8 17.Qxd6 Qc8 18.f5 exf5 19.Rxf5 Nc5 20.Nd5 Re8 21.
Rf1 Qb7 22.Qg3 Ne4 23.Qb3 Bxd5 1/2-1/2

[Event "46th POL-ch"]
[Site "Slupsk POL"]
[Date "1989.??.??"]
[Round "5"]
[White "Adamski, Jan"]
[Black "Szymczak, Zbigniew"]
[Result "1/2-1/2"]
[WhiteElo "2435"]
[BlackElo "2400"]
[EventDate "1989.02.25"]
[PlyCount "24"]

1.Nf3 Nf6 2.c4 e6 3.g3 d5 4.Bg2 dxc4 5.Qa4+ Nbd7 6.Qxc4 c5 7.Qb3 Be7 8.Nc3
O-O 9.O-O a6 10.d3 Ra7 11.a4 b6 12.Bf4 Bb7 1/2-1/2

[Event "46th POL-ch"]
[Site "Slupsk POL"]
[Date "1989.??.??"]
[Round "5"]
[White "Cichocki, Adam"]
[Black "Kuczynski, Robert"]
[Result "0-1"]
[WhiteElo "2320"]
[BlackElo "2450"]
[EventDate "1989.02.25"]
[PlyCount "38"]

1.d4 f5 2.Nc3 Nf6 3.Bg5 e6 4.e4 fxe4 5.Nxe4 Be7 6.Bxf6 Bxf6 7.Qh5+ g6 8.
Qh6 b6 9.h4 Bb7 10.Nxf6+ Qxf6 11.h5 Rf8 12.O-O-O Nc6 13.Bd3 O-O-O 14.Qxh7 
gxh5 15.f3 Ne7 16.Qxh5 Rh8 17.Bh7 Rdg8 18.d5 Bxd5 19.c4 Rxg2 0-1

[Event "46th POL-ch"]
[Site "Slupsk POL"]
[Date "1989.??.??"]
[Round "5"]
[White "Hawelko, Marek"]
[Black "Zolnierowicz, Krzysztof"]
[Result "1/2-1/2"]
[WhiteElo "2455"]
[BlackElo "2405"]
[EventDate "1989.02.25"]
[PlyCount "88"]

1.e4 e5 2.Nf3 Nc6 3.Bb5 g6 4.c3 Bg7 5.d4 Nge7 6.d5 a6 7.Be2 Na7 8.c4 d6 9.
Nc3 O-O 10.O-O h6 11.Ne1 f5 12.Nd3 fxe4 13.Nxe4 c6 14.c5 dxc5 15.d6 Nd5 
16.Ndxc5 Nb5 17.Bg4 Nxd6 18.Bxc8 Rxc8 19.Ne6 Qe7 20.Nxf8 Rxf8 21.Qg4 Nxe4 
22.Qxe4 Kh7 23.Bd2 Rf5 24.a4 Rh5 25.g3 Nf6 26.Qe2 Qd7 27.f3 e4 28.Bc3 exf3
29.Rxf3 Ng4 30.Rd3 Qf5 31.Bxg7 Rxh2 32.Qf3 Kxg7 33.Qxf5 gxf5 34.Rb3 b5 35.
axb5 axb5 36.Rc1 Kg6 37.Rxc6+ Kg5 38.Rxb5 Rd2 39.Rcc5 Ne3 40.Rc3 Rg2+ 41.
Kh1 Rxg3 42.Re5 Kf4 43.Re6 Rh3+ 44.Kg1 Rg3+ 1/2-1/2